1145 1384 1923 1490 1857 1369 1672 1880 1965 1151 1480 1630 1247 1369 1022 1467 1539 1863 1489 1179 1176 1587 1609 1730 1578 1864 1216 1774 1064 1052 1213 1254 1370 1214 1471 1204 1942 1495 1258 1124 1106 1895 1481 1786 1812 1632 1357 1778 1004 1587 1385 1122 1583 1877 1842 1677 1989 1270 1240 1014 1895 1077 1533 1980 1847 1011 1358 1558 1751 1781 1435 1540 1029 1893 1868 1321 1553 1013 1253 1622 1561 1331 1768 1860 1324 1111 1098 1183 1462 1397 1982 1091 1117 1620 1099 1470 1876 1579 1691 BCNSPRNW ULIB Ver.6.0+V

เปลี่ยนเป็นภาษาไทย

Change to English
 แสดงรายละเอียดบรรณานุกรม
  กลับหน้าหลัก

Brief Record : Get Marc (ISO 2709) : E-mail record : QR code < ปิดหน้าต่าง
LEADER : 00000nam 2200000uu 4500
001    13399122892
003     ULIB
008    131025s2549||||th 000 0 tha d
020    ^a974-415-106-4 : ^c400 บาท
050  4 ^aSB409^bร243ก
100  0  ^aระพี สาคริก
245  1  ^aกล้วยไม้สำหรับผู้เริ่มต้น /^cระพี สาคริก.
250    ^aพิมพ์ครั้งที่ 3.
260    ^aกรุงเทพฯ : ^bโครงการส่งเสริมคุณธรรมและการศึกษา, ^c2549.
300    ^a222 หน้า : ^bภาพประกอบ.
650    4 ^aกล้วยไม้
650    4 ^aกล้วยไม้^xการเลี้ยง
650    4 ^aกล้วยไม้^xการขยายพันธุ์
945    ^p400^l0^i034110
999    ^aเกษร โพธิ์สุวรรณ
รายการนี้ยังไม่มีแท็ก
คุณยังไม่ได้ล็อกอิน คุณสามารถมีกิจกรรมร่วมกับเว็บไซต์ได้ แต่ต้องล็อกอินก่อน ::
  ล็อกอิน

รายการสื่อสารสนเทศ

ลำดับที่ ประเภท เลขเรียก/บาร์โค้ด สถานที่ สถานะ
1. Book การพยาบาล
หนังสือสำรอง
สถานะ=หนังสือสำรอง
SB409 ร243ก ฉ.1 
  Barcode: 034110
ห้องสมุดวิทยาเขตสวรรค์ประชารักษ์
►หนังสือทั่วไป
บนชั้น

รายการใกล้เคียง
    ผู้แต่ง [ระพี สาคริก]

BibComment


ยังไม่เคยถูกคอมเมนท์

คอมเมนท์ทรัพยากรรายการนี้
  คอมเมนท์: กล้วยไม้สำหรับ..


 Copyright 2026. Bcnsprnw @Library